<?xml version="1.0" encoding="UTF-8"?><?xml-stylesheet type="text/xsl" href="static/style.xsl"?><OAI-PMH xmlns="http://www.openarchives.org/OAI/2.0/" xmlns:xsi="http://www.w3.org/2001/XMLSchema-instance" xsi:schemaLocation="http://www.openarchives.org/OAI/2.0/ http://www.openarchives.org/OAI/2.0/OAI-PMH.xsd"><responseDate>2026-06-06T19:30:44Z</responseDate><request verb="GetRecord" identifier="oai:riuma.uma.es:10630/40573" metadataPrefix="marc">https://riuma.uma.es/rest/oai/request</request><GetRecord><record><header><identifier>oai:riuma.uma.es:10630/40573</identifier><datestamp>2026-02-03T11:28:13Z</datestamp><setSpec>com_10630_2254</setSpec><setSpec>col_10630_37953</setSpec></header><metadata><record xmlns="http://www.loc.gov/MARC21/slim" xmlns:dcterms="http://purl.org/dc/terms/" xmlns:doc="http://www.lyncode.com/xoai" xmlns:xsi="http://www.w3.org/2001/XMLSchema-instance" xsi:schemaLocation="http://www.loc.gov/MARC21/slim http://www.loc.gov/standards/marcxml/schema/MARC21slim.xsd">
   <leader>00925njm 22002777a 4500</leader>
   <datafield ind2=" " ind1=" " tag="042">
      <subfield code="a">dc</subfield>
   </datafield>
   <datafield ind2=" " ind1=" " tag="720">
      <subfield code="a">Giménez, Javier</subfield>
      <subfield code="e">author</subfield>
   </datafield>
   <datafield ind2=" " ind1=" " tag="720">
      <subfield code="a">Cortés-Arrabal, José Antonio</subfield>
      <subfield code="e">author</subfield>
   </datafield>
   <datafield ind2=" " ind1=" " tag="720">
      <subfield code="a">Martos-Naya, Eduardo</subfield>
      <subfield code="e">author</subfield>
   </datafield>
   <datafield ind2=" " ind1=" " tag="720">
      <subfield code="a">Díez-del-Río, Luis</subfield>
      <subfield code="e">author</subfield>
   </datafield>
   <datafield ind2=" " ind1=" " tag="260">
      <subfield code="c">2025-05-19</subfield>
   </datafield>
   <datafield ind2=" " ind1=" " tag="520">
      <subfield code="a">Out-of-band emission (OOBE) is a major concern in orthogonal frequency division&#xd;
multiplexing (OFDM) based systems, as it requires large guard bands to avoid interfering other channels&#xd;
or systems. Spectral shaping techniques combining active interference cancellation (AIC) and adaptive&#xd;
symbol transition (AST) strategies, herein shortened as C-AIC-AST, are effective to reduce it at the&#xd;
cost of a data rate penalty and a modest implementation complexity compared to precoding and filtering&#xd;
techniques. This paper presents a spectral shaping method that innovates previous C-AIC-AST proposals&#xd;
by expanding both the AIC and AST terms to preceding and subsequent OFDM symbols. The timeexpanded&#xd;
terms are orthogonal to the current symbol, which makes them transparent to the receiver. The&#xd;
additional degrees of freedom given by these supplementary OOBE reduction terms can be exploited in&#xd;
different ways. In pulse-shaped OFDM systems, it allows attaining the same OOBE level than existing&#xd;
C-AIC-AST techniques but avoiding the data rate loss of the latter. In systems with rectangular OFDM&#xd;
signals, it can notably reduce the OOBE with a much smaller reduction in the effective cyclic prefix&#xd;
length compared to currently employed methods. The efficiency of the proposed method in achieving&#xd;
both goals with reduced implementation cost is demonstrated through results obtained in actual wired&#xd;
and wireless systems.</subfield>
   </datafield>
   <datafield ind1="8" ind2=" " tag="024">
      <subfield code="a">J. Giménez, J. A. Cortés, E. Martos-Naya and L. Díez, "Spectral Shaping Method for OFDM Combining Time-Shifted Active Interference Cancellation and Adaptive Symbol Transition," in IEEE Open Journal of the Communications Society, vol. 6, pp. 4476-4490, 2025.</subfield>
   </datafield>
   <datafield ind1="8" ind2=" " tag="024">
      <subfield code="a">https://hdl.handle.net/10630/40573</subfield>
   </datafield>
   <datafield ind1="8" ind2=" " tag="024">
      <subfield code="a">10.1109/OJCOMS.2025.3571196</subfield>
   </datafield>
   <datafield tag="653" ind2=" " ind1=" ">
      <subfield code="a">Optimización matemática</subfield>
   </datafield>
   <datafield tag="653" ind2=" " ind1=" ">
      <subfield code="a">Multiplexación</subfield>
   </datafield>
   <datafield tag="653" ind2=" " ind1=" ">
      <subfield code="a">Telecomunicaciones</subfield>
   </datafield>
   <datafield ind2="0" ind1="0" tag="245">
      <subfield code="a">Spectral Shaping Method for OFDM Combining Time-Shifted Active Interference Cancellation and Adaptive Symbol Transition</subfield>
   </datafield>
</record>
</metadata></record></GetRecord></OAI-PMH>